000
00221nam a22000857a 4500
008
170613b xxu||||| |||| 00| 0 eng d
100
_9
3376
_a
Bhanot, D.P
245
_a
Com- English Course - 7
260
_a
New Delhi
_b
H. F. I
_c
2010
999
_c
6716
_d
6716